000 00760nam a2200265Ia 4500
003 OSt
005 20220925204934.0
006 a|||||r|||| 00| 0
007 ta
008 220923b |||||||| |||| 00| 0 eng d
037 _cGeneral Book
040 _aRTL
_cRTL
_beng
041 _2eng
_aeng
082 _aY49(J):6.791.N7, L9
100 _aBrowman David L
245 0 _aPeasants, primitives and proletariats
260 _aHague
_bMouton
_c1979
300 _axiii,429p
_ccm.
490 _aWorld Anthropology
500 _aBibliography chapterwise
650 _aPeasants
700 _a Schwarz Ronald A
_9269286
942 _hY49(J):6.791.N7, L9
_cGB
_2CC
999 _c550812
_d550812